"El átomo y sus aplicaciones pacíficas". (Record no. 82438)
[ view plain ]
| 000 -LEADER | |
|---|---|
| campo de control de longitud fija | 00686nam a2200181 i 4500 |
| 001 - NÚMERO DE CONTROL | |
| campo de control | 82438 |
| 003 - IDENTIFICADOR DE NÚMERO DE CONTROL | |
| campo de control | ES-MaACL |
| 005 - FECHA Y HORA DE LA ÚLTIMA TRANSACCIÓN | |
| campo de control | 20230906174655.0 |
| 007 - CAMPO FIJO DE DESCRIPCIÓN FÍSICA--INFORMACIÓN GENERAL | |
| campo de control de longitud fija | t| |
| 008 - DATOS DE LONGITUD FIJA--INFORMACIÓN GENERAL | |
| campo de control de longitud fija | 180702s1958 sp ||||1| spa d |
| 245 01 - MENCIÓN DEL TÍTULO | |
| Título | "El átomo y sus aplicaciones pacíficas". |
| 260 ## - PUBLICACIÓN, DISTRIBUCIÓN, ETC. | |
| Lugar de publicación, distribución, etc. | Madrid : |
| Nombre del editor, distribuidor, etc. | Sindicato Nacional de Agua, Gas y Electricidad, |
| Fecha de publicación, distribución, etc. | 1958. |
| 300 ## - DESCRIPCIÓN FÍSICA | |
| Extensión | 454 pág. : |
| Otras características físicas | il. ; |
| Dimensiones | 22 cm. |
| 594 ## - Nota al título y mención de responsabilidad | |
| Nota al título y mención de responsabilidad | Precede al tít.: Ciclo de conferencias celebrado con motivo de la exposición. |
| 650 ## - PUNTO DE ACCESO ADICIONAL DE MATERIA--TÉRMINO DE MATERIA | |
| Término de materia o nombre geográfico como elemento de entrada | Átomos. |
| 9 (RLIN) | 10411 |
| 710 2# - ENTRADA AGREGADA--NOMBRE DE ENTIDAD CORPORATIVA | |
| Nombre de entidad corporativa o nombre de jurisdicción como elemento de entrada | Sindicato Nacional de Agua, Gas y Electricidad (España) |
| 9 (RLIN) | 165143 |
| 852 ## - LOCALIZACIÓN | |
| Ubicación | ES-MaACL |
| Número de control de estantería | L-32149 |
| Nota libre | .-Donat. herederos de la bibl. de Mª del Pilar Costa Palacín |
| Estatus retirado | Estado de pérdida | Estado de daño | No para préstamo | Biblioteca de origen | Biblioteca actual | Ubicación en estantería | Fecha de adquisición | Fuente de adquisición | Total de préstamos | Signatura topográfica completa | Código de barras | Visto por última vez | Precio de reemplazo | Tipo de ítem Koha |
|---|---|---|---|---|---|---|---|---|---|---|---|---|---|---|
| Biblioteca del Ateneo de Madrid | Biblioteca del Ateneo de Madrid | Depósito 2 | 02/07/2018 | L-32149 | 1199048 | 23/02/2023 | 23/02/2023 | Libro impreso |
